La sirenita y otros cuentos / (Registro nro. 37968)

Detalles MARC
000 -CABECERA
Longitud fija campo de control 00845cam a22002537 4500
003 - • IDENTIFICADOR DELl NÚMERO DE CONTROL
Identificador del número de control CO-ViMGA
005 - • FECHA Y HORA DE LA ÚLTIMA TRANSACCIÓN
Fecha y hora de la última transacción 20230915234538.0
008 - • CÓDIGOS DE INFORMACIÓN DE LONGITUD FIJA
Códigos de información de longitud fija 091015s2009 sp a | |||| 000 1 spa
020 ## - • NÚMERO INTERNACIONAL NORMALIZADO PARA LIBROS
Número Internacional Normalizado para Libros (ISBN) 9788466740098
040 ## - FUENTE DE LA CATALOGACIÓN
Centro catalogador de origen CO-ViMGA
Lengua de catalogación spa
Centro transcriptor CO-ViMGA
041 1# - • CÓDIGO DE LENGUA
Código de lengua original dan
082 04 - • NÚMERO DE LA CLASIFICACIÓN DECIMAL DEWEY
Número de clasificación (R) 839.81364
Número del ítem A53s
100 1# - • PUNTO DE ACCESO PRINCIPAL-NOMBRE DE PERSONA
Nombre de persona Andersen, Hans Christian
Fechas asociadas al nombre 1805-1875
243 10 - TÍTULO UNIFORME COLECTIVO
Título uniforme <a href="Cuentos">Cuentos</a>
Lengua de la obra Español
245 13 - • TITULO PROPIAMENTE DICHO
Título La sirenita y otros cuentos /
Medio [Texto impreso]
Mención de responsabilidad, etc. Hans Christian Andersen ; prólogo, Gustavo Martín Garzo ; traducción, Enrique Bernárdez ; ilustraciones, Elena Odriozola
250 ## - • MENCI&Oacute;N DE EDICI&Oacute;N
Mención de edición 2® ed.
300 ## - • DESCRIPCI&Oacute;N F&Iacute;SICA
Extensión 317 p.
Otras características físicas il. col.
Dimensiones 25 cm.
490 0# - • MENCI&Oacute;N DE SERIE
Mención de serie Cuentos completos
Designación de volumen o secuencia 1
700 1# - • PUNTO DE ACCESO ADICIONAL - NOMBRE DE PERSONA
Nombre de persona Bernárdez, Enrique
Fechas asociadas al nombre 1949-
700 1# - • PUNTO DE ACCESO ADICIONAL - NOMBRE DE PERSONA
Nombre de persona Odriozola, Elena
Fechas asociadas al nombre 1967-
942 ## - ENTRADA DE ELEMENTOS AGREGADOS (KOHA)
Fuente de clasificaión o esquema Dewey Decimal Classification
Koha [por defecto] tipo de item LIbro
Existencias
Perdido Fuente de clasificaci&oacute;n o esquema Estado Físico No para pr&eacute;stamo Forma de adquisición Localizaci&oacute;n permanente Localizaci&oacute;n actual Fecha adquisici&oacute;n Pr&eacute;stamos totales Signatura completa C&oacute;digo de barras Fecha &uacute;ltima consulta Fecha del precio de reemplazo Tipo de item de Koha
  Dewey Decimal Classification     Sala General Segundo Piso Biblioteca Pública Germán Arciniegas - Villavicencio Biblioteca Pública Germán Arciniegas - Villavicencio 05/23/2017   839.81364 A53s 032167 02/25/2019 05/23/2017 LIbro









Instituto Departamental de Cultura del Meta - Red Departamental de Bibliotecas Públicas del Meta.